SWOT analysis of Slovak farmers in the pre-accession period to the EU

V rámci prípravy SR na implementáciu štrukturálnej politiky EÚ a rozvoja vidieka bol v rokoch 1999-2001 realizovaný program PHARE ACE "Mikroekonomická analýza reštrukturalizácie vidieckych domácností v predvstupovom období do EÚ". Reštrukturalizácia poľnohospodárstva a jej vplyv na vznik súkromných...

Descripción completa

Guardado en:
Detalles Bibliográficos
Autor principal: Bielik, Peter
Formato: Capítulo de libro
Lenguaje:inglés
Materias:
Etiquetas: Agregar Etiqueta
Sin Etiquetas, Sea el primero en etiquetar este registro!

MARC

LEADER 00000naa$a2200000$$$4500
001 0002396
005 20231004092019.7
041 0 |a eng 
044 |a CZ 
245 1 0 |a SWOT analysis of Slovak farmers in the pre-accession period to the EU  |c aut. Peter Bielik 
520 |a V rámci prípravy SR na implementáciu štrukturálnej politiky EÚ a rozvoja vidieka bol v rokoch 1999-2001 realizovaný program PHARE ACE "Mikroekonomická analýza reštrukturalizácie vidieckych domácností v predvstupovom období do EÚ". Reštrukturalizácia poľnohospodárstva a jej vplyv na vznik súkromných fariem. Vybrané výsledky prieskumu. 
610 2 0 |a farmy 
610 2 0 |a roľníci jednotlivo hospodáriaci 
610 2 0 |a analýza swot 
610 2 0 |a domácnosti 
610 2 0 |a príjmy 
610 2 0 |a výdavky 
610 2 0 |a výskum 
610 2 0 |a Slovensko 
100 1 |a Bielik, Peter